000 00343cam a2200133ua 4500
003 OSt
008 221102b |||||||| |||| 00| 0 eng d
041 _aeng
082 _a303.34
_bGOV/EM
245 _aEmerging patterns of rural leadership in South Asia /
260 _aIndia :
_bGovernment of India ,
_c1965.
300 _a237 ; .
942 _cBK
999 _c1880
_d1880